| 000 | 00563nam a22001817a 4500 | ||
|---|---|---|---|
| 005 | 20251108175119.0 | ||
| 008 | 250721s2012 xx 000 0 ara d | ||
| 082 | 1 | 4 | _a327.2/فيل |
| 100 | 1 | _aفيلار، كونستانز | |
| 245 | 1 | 0 | _aالخطاب الدبلوماسي / |
| 264 | 1 |
_aدمشق : _bمنشورات اتحاد الكتاب العرب، _c2012. |
|
| 300 | _a280ص. | ||
| 650 | 1 | 7 | _aالسياسة الدولية |
| 650 | 1 | 7 | _aالدبلوماسية |
| 700 | 1 |
_aالمقداد، قاسم _eمترجم |
|
| 942 |
_2ddc _cBK |
||
| 999 |
_c126488 _d126488 |
||